000 00292nam a22001337a 4500
041 _aUrdu
082 _a297.4
_bTAL
100 _aTaley, S.Murad Ali
245 _aTazkira-e-Auliya-e-Hyderabad
260 _aHyderabad
_c1984
300 _a136 P.
650 _aSufism- Malfoozat
942 _cBK
999 _c21097
_d21097